Africa in Latin America : essays on history, culture, and socialization
Αποθηκεύτηκε σε:
| Άλλοι συγγραφείς: | |
|---|---|
| Μορφή: | Βιβλίο |
| Γλώσσα: | English Spanish |
| Δημοσίευση: |
New York :
Holmes and Meier,
1984.
|
| Θέματα: | |
| Ετικέτες: |
Προσθήκη ετικέτας
Δεν υπάρχουν, Καταχωρήστε ετικέτα πρώτοι!
|
MARC
| LEADER | 00000cam a2200000 i 4500 | ||
|---|---|---|---|
| 001 | 1/64164 | ||
| 008 | 930929s1984 nyu| ||| |||| ||eng|| | ||
| 020 | |a 084190748X | ||
| 035 | |a ΛΕΣΒΟΣb10001339 |l 10001339 | ||
| 040 | |a GR-MyUA |b gre |e AACR2 | ||
| 041 | 1 | |a eng |h spa | |
| 082 | 0 | |a 980.00496 | |
| 245 | 1 | 0 | |a Africa in Latin America : |b essays on history, culture, and socialization / |c Edited by Manuel Moreno Fraginals ; translated by Leonor Blum. |
| 260 | |a New York : |b Holmes and Meier, |c 1984. | ||
| 300 | |a 331 σ. | ||
| 500 | |a Τίτλος πρωτοτύπου: Africa en América Latina. | ||
| 504 | |a Βιβλιογραφία: σ. 332-336. Ευρετήριο. | ||
| 650 | 0 | 0 | |a Blacks |z Latin America. |
| 650 | 0 | 0 | |a Speeches, addresses, etc. |
| 651 | 0 | |a Latin America |x Civilization |x African influences. | |
| 700 | 1 | |a Moreno Fraginals, Manuel, |e edt | |
| 852 | |a INST |b LESVOS |e 19930929 |h 980.00496 AFR |p 005100005370 |q 005100005370 |t BK |y 0 | ||
| 909 | |a Λ |b 012927 | ||